| 000 | 00717nam a22001337a 4500 | ||
|---|---|---|---|
| 040 | _cRUA | ||
| 082 | _aAVM PHO 2018 B658 Or.1 | ||
| 100 | _aPHOT BANDETH ផូត បណ្ឌិត | ||
| 245 | _acase of coccidiosis in three blood chicken at chan sophea's farm in ovloat commune, khan pou senchey, phom penh ករណី coccidiosis លើមាន់ឈាមនៅកសិដ្ឋាន ចាន់ សុភា ឃុំឪឡោត ខណ្ឌពោធិ័សែនជ័យរាជធានីភ្នំពេញ | ||
| 260 |
_aRUA _bPhnom penh _c2017 |
||
| 300 |
_aviii;34p _bill; _c29cm |
||
| 856 | _uhttps://drive.google.com/file/d/1CzeDeZniAA9b6DGlkkJTQudGOhnSzsm0/view?usp=sharing | ||
| 942 | _cAVM | ||
| 999 |
_c18943 _d18943 |
||